Taka-Töölön kadut - Statistics

General Stats
  • This quiz has been taken 3 times
  • The average score is 22 of 48
Answer Stats
Answer % Correct
Mannerheimintie
100%
Mechelininkatu
100%
Eino Leinon katu
67%
Helsinginkatu
67%
Humalistonkatu
67%
Linnankoskenkatu
67%
Nordenskiöldinkatu
67%
Rajasaarenpenger
67%
Runeberginkatu
67%
Ruusankatu
67%
Ruusulankatu
67%
Sallinkatu
67%
Sibeliuksenkatu
67%
Töölönkatu
67%
Topeliuksenkatu
67%
Urheilukatu
67%
Döbelninkatu
33%
Dunckerinkatu
33%
Hammarskjöldintie
33%
Kajanuksenkatu
33%
Kesäkatu
33%
Kivelänkatu
33%
Lastenlinnantie
33%
Mäntymäentie
33%
Merikannontie
33%
Messeniuksenkatu
33%
Mikael Lybeckin katu
33%
Minna Canthin katu
33%
Oopperankuja
33%
Paasikivenkatu
33%
Paavo Nurmen kuja
33%
Paavo Nurmen tie
33%
Päivärinnankatu
33%
Pohjoinen Hesperiankatu
33%
Pohjoinen Stadiontie
33%
Rajasaarentie
33%
Reijolankatu
33%
Sandelsinkatu
33%
Savilankatu
33%
Stadionpolku
33%
Stenbäckinkatu
33%
Tavaststjernankatu
33%
Toivonkatu
33%
Töölöntorinkatu
33%
Tykistönkatu
33%
Valhallankatu
33%
Välskärinkatu
33%
Vauhtitie
33%
No matching quizzes found
Score Distribution
Percent of People with Each Score
Percentile by Number Answered
Your Score History
You have not taken this quiz